<?xml version="1.0" encoding="UTF-8"?>
<record
    xmlns:xsi="http://www.w3.org/2001/XMLSchema-instance"
    xsi:schemaLocation="http://www.loc.gov/MARC21/slim http://www.loc.gov/standards/marcxml/schema/MARC21slim.xsd"
    xmlns="http://www.loc.gov/MARC21/slim">

  <leader>00508nam a2200169   4500</leader>
  <controlfield tag="003">SEACOMEC</controlfield>
  <controlfield tag="005">20240703114200.0</controlfield>
  <controlfield tag="008">240703b        |||||||| |||| 00| 0 eng d</controlfield>
  <datafield tag="020" ind1=" " ind2=" ">
    <subfield code="a">9789332518667.</subfield>
    <subfield code="c">Rs.425.00</subfield>
  </datafield>
  <datafield tag="040" ind1=" " ind2=" ">
    <subfield code="a">SEACOMEC</subfield>
  </datafield>
  <datafield tag="082" ind1=" " ind2=" ">
    <subfield code="a">003.453</subfield>
    <subfield code="b">A288</subfield>
  </datafield>
  <datafield tag="100" ind1=" " ind2=" ">
    <subfield code="a"> Aho, Alfred V.</subfield>
  </datafield>
  <datafield tag="245" ind1="1" ind2=" ">
    <subfield code="a">Compilers, principles, techniques, and tools</subfield>
    <subfield code="c">Alfred V. Aho,Lam, Monica S,  Ravi  Seth Jeffrey D. Ullman</subfield>
  </datafield>
  <datafield tag="260" ind1=" " ind2=" ">
    <subfield code="a">New Delhi</subfield>
    <subfield code="b">Pearson </subfield>
    <subfield code="c"> 1986</subfield>
  </datafield>
  <datafield tag="650" ind1=" " ind2=" ">
    <subfield code="a"> Computer programming</subfield>
  </datafield>
  <datafield tag="942" ind1=" " ind2=" ">
    <subfield code="c">BOOK</subfield>
  </datafield>
  <datafield tag="952" ind1=" " ind2=" ">
    <subfield code="0">0</subfield>
    <subfield code="1">0</subfield>
    <subfield code="2">ddc</subfield>
    <subfield code="4">0</subfield>
    <subfield code="7">0</subfield>
    <subfield code="a">SEACOMEC</subfield>
    <subfield code="b">SEACOMEC</subfield>
    <subfield code="d">2007-07-24</subfield>
    <subfield code="l">0</subfield>
    <subfield code="o">003.453 A288</subfield>
    <subfield code="p">7663</subfield>
    <subfield code="r">2024-07-03 11:42:31</subfield>
    <subfield code="w">2024-07-03</subfield>
    <subfield code="y">BOOK</subfield>
  </datafield>
  <datafield tag="952" ind1=" " ind2=" ">
    <subfield code="0">0</subfield>
    <subfield code="1">0</subfield>
    <subfield code="2">ddc</subfield>
    <subfield code="4">0</subfield>
    <subfield code="7">0</subfield>
    <subfield code="a">SEACOMEC</subfield>
    <subfield code="b">SEACOMEC</subfield>
    <subfield code="d">2007-07-24</subfield>
    <subfield code="l">0</subfield>
    <subfield code="o">003.453 A288</subfield>
    <subfield code="p">7664</subfield>
    <subfield code="r">2024-07-03 11:43:10</subfield>
    <subfield code="t">1</subfield>
    <subfield code="w">2024-07-03</subfield>
    <subfield code="y">BOOK</subfield>
  </datafield>
  <datafield tag="952" ind1=" " ind2=" ">
    <subfield code="0">0</subfield>
    <subfield code="1">0</subfield>
    <subfield code="2">ddc</subfield>
    <subfield code="4">0</subfield>
    <subfield code="7">0</subfield>
    <subfield code="a">SEACOMEC</subfield>
    <subfield code="b">SEACOMEC</subfield>
    <subfield code="d">2007-07-24</subfield>
    <subfield code="l">0</subfield>
    <subfield code="o">003.453 A288</subfield>
    <subfield code="p">7665</subfield>
    <subfield code="r">2024-07-03 11:43:10</subfield>
    <subfield code="t">2</subfield>
    <subfield code="w">2024-07-03</subfield>
    <subfield code="y">BOOK</subfield>
  </datafield>
  <datafield tag="952" ind1=" " ind2=" ">
    <subfield code="0">0</subfield>
    <subfield code="1">0</subfield>
    <subfield code="2">ddc</subfield>
    <subfield code="4">0</subfield>
    <subfield code="7">0</subfield>
    <subfield code="a">SEACOMEC</subfield>
    <subfield code="b">SEACOMEC</subfield>
    <subfield code="d">2007-07-24</subfield>
    <subfield code="l">0</subfield>
    <subfield code="o">003.453 A288</subfield>
    <subfield code="p">7666</subfield>
    <subfield code="r">2024-07-03 11:43:10</subfield>
    <subfield code="t">3</subfield>
    <subfield code="w">2024-07-03</subfield>
    <subfield code="y">BOOK</subfield>
  </datafield>
  <datafield tag="952" ind1=" " ind2=" ">
    <subfield code="0">0</subfield>
    <subfield code="1">0</subfield>
    <subfield code="2">ddc</subfield>
    <subfield code="4">0</subfield>
    <subfield code="7">0</subfield>
    <subfield code="a">SEACOMEC</subfield>
    <subfield code="b">SEACOMEC</subfield>
    <subfield code="d">2007-07-24</subfield>
    <subfield code="l">0</subfield>
    <subfield code="o">003.453 A288</subfield>
    <subfield code="p">7667</subfield>
    <subfield code="r">2024-07-03 11:43:10</subfield>
    <subfield code="t">4</subfield>
    <subfield code="w">2024-07-03</subfield>
    <subfield code="y">BOOK</subfield>
  </datafield>
  <datafield tag="952" ind1=" " ind2=" ">
    <subfield code="0">0</subfield>
    <subfield code="1">0</subfield>
    <subfield code="2">ddc</subfield>
    <subfield code="4">0</subfield>
    <subfield code="7">0</subfield>
    <subfield code="a">SEACOMEC</subfield>
    <subfield code="b">SEACOMEC</subfield>
    <subfield code="d">2007-07-24</subfield>
    <subfield code="l">0</subfield>
    <subfield code="o">003.453 A288</subfield>
    <subfield code="p">7668</subfield>
    <subfield code="r">2024-07-03 11:43:10</subfield>
    <subfield code="t">5</subfield>
    <subfield code="w">2024-07-03</subfield>
    <subfield code="y">BOOK</subfield>
  </datafield>
  <datafield tag="952" ind1=" " ind2=" ">
    <subfield code="0">0</subfield>
    <subfield code="1">0</subfield>
    <subfield code="2">ddc</subfield>
    <subfield code="4">0</subfield>
    <subfield code="7">0</subfield>
    <subfield code="a">SEACOMEC</subfield>
    <subfield code="b">SEACOMEC</subfield>
    <subfield code="d">2007-07-24</subfield>
    <subfield code="l">0</subfield>
    <subfield code="o">003.453 A288</subfield>
    <subfield code="p">7669</subfield>
    <subfield code="r">2024-07-03 11:43:10</subfield>
    <subfield code="t">6</subfield>
    <subfield code="w">2024-07-03</subfield>
    <subfield code="y">BOOK</subfield>
  </datafield>
  <datafield tag="952" ind1=" " ind2=" ">
    <subfield code="0">0</subfield>
    <subfield code="1">0</subfield>
    <subfield code="2">ddc</subfield>
    <subfield code="4">0</subfield>
    <subfield code="7">0</subfield>
    <subfield code="a">SEACOMEC</subfield>
    <subfield code="b">SEACOMEC</subfield>
    <subfield code="d">2007-07-24</subfield>
    <subfield code="l">0</subfield>
    <subfield code="o">003.453 A288</subfield>
    <subfield code="p">7670</subfield>
    <subfield code="r">2024-07-03 11:43:10</subfield>
    <subfield code="t">7</subfield>
    <subfield code="w">2024-07-03</subfield>
    <subfield code="y">BOOK</subfield>
  </datafield>
  <datafield tag="952" ind1=" " ind2=" ">
    <subfield code="0">0</subfield>
    <subfield code="1">0</subfield>
    <subfield code="2">ddc</subfield>
    <subfield code="4">0</subfield>
    <subfield code="7">0</subfield>
    <subfield code="a">SEACOMEC</subfield>
    <subfield code="b">SEACOMEC</subfield>
    <subfield code="d">2007-07-24</subfield>
    <subfield code="l">0</subfield>
    <subfield code="o">003.453 A288</subfield>
    <subfield code="p">7671</subfield>
    <subfield code="r">2024-07-03 11:43:10</subfield>
    <subfield code="t">8</subfield>
    <subfield code="w">2024-07-03</subfield>
    <subfield code="y">BOOK</subfield>
  </datafield>
  <datafield tag="952" ind1=" " ind2=" ">
    <subfield code="0">0</subfield>
    <subfield code="1">0</subfield>
    <subfield code="2">ddc</subfield>
    <subfield code="4">0</subfield>
    <subfield code="7">0</subfield>
    <subfield code="a">SEACOMEC</subfield>
    <subfield code="b">SEACOMEC</subfield>
    <subfield code="d">2008-03-27</subfield>
    <subfield code="l">0</subfield>
    <subfield code="o">003.453 A288</subfield>
    <subfield code="p">10282</subfield>
    <subfield code="r">2024-07-03 11:45:06</subfield>
    <subfield code="t">9</subfield>
    <subfield code="w">2024-07-03</subfield>
    <subfield code="y">BOOK</subfield>
  </datafield>
  <datafield tag="952" ind1=" " ind2=" ">
    <subfield code="0">0</subfield>
    <subfield code="1">0</subfield>
    <subfield code="2">ddc</subfield>
    <subfield code="4">0</subfield>
    <subfield code="7">0</subfield>
    <subfield code="a">SEACOMEC</subfield>
    <subfield code="b">SEACOMEC</subfield>
    <subfield code="d">2008-03-27</subfield>
    <subfield code="l">0</subfield>
    <subfield code="o">003.453 A288</subfield>
    <subfield code="p">10283</subfield>
    <subfield code="r">2024-07-03 11:45:06</subfield>
    <subfield code="t">10</subfield>
    <subfield code="w">2024-07-03</subfield>
    <subfield code="y">BOOK</subfield>
  </datafield>
  <datafield tag="952" ind1=" " ind2=" ">
    <subfield code="0">0</subfield>
    <subfield code="1">0</subfield>
    <subfield code="2">ddc</subfield>
    <subfield code="4">0</subfield>
    <subfield code="7">0</subfield>
    <subfield code="a">SEACOMEC</subfield>
    <subfield code="b">SEACOMEC</subfield>
    <subfield code="d">2008-03-27</subfield>
    <subfield code="l">0</subfield>
    <subfield code="o">003.453 A288</subfield>
    <subfield code="p">10284</subfield>
    <subfield code="r">2024-07-03 11:45:06</subfield>
    <subfield code="t">11</subfield>
    <subfield code="w">2024-07-03</subfield>
    <subfield code="y">BOOK</subfield>
  </datafield>
  <datafield tag="952" ind1=" " ind2=" ">
    <subfield code="0">0</subfield>
    <subfield code="1">0</subfield>
    <subfield code="2">ddc</subfield>
    <subfield code="4">0</subfield>
    <subfield code="7">0</subfield>
    <subfield code="a">SEACOMEC</subfield>
    <subfield code="b">SEACOMEC</subfield>
    <subfield code="d">2008-03-27</subfield>
    <subfield code="l">0</subfield>
    <subfield code="o">003.453 A288</subfield>
    <subfield code="p">10285</subfield>
    <subfield code="r">2024-07-03 11:45:06</subfield>
    <subfield code="t">12</subfield>
    <subfield code="w">2024-07-03</subfield>
    <subfield code="y">BOOK</subfield>
  </datafield>
  <datafield tag="952" ind1=" " ind2=" ">
    <subfield code="0">0</subfield>
    <subfield code="1">0</subfield>
    <subfield code="2">ddc</subfield>
    <subfield code="4">0</subfield>
    <subfield code="7">0</subfield>
    <subfield code="a">SEACOMEC</subfield>
    <subfield code="b">SEACOMEC</subfield>
    <subfield code="d">2008-03-27</subfield>
    <subfield code="l">0</subfield>
    <subfield code="o">003.453 A288</subfield>
    <subfield code="p">10286</subfield>
    <subfield code="r">2024-07-03 11:45:06</subfield>
    <subfield code="t">13</subfield>
    <subfield code="w">2024-07-03</subfield>
    <subfield code="y">BOOK</subfield>
  </datafield>
  <datafield tag="952" ind1=" " ind2=" ">
    <subfield code="0">0</subfield>
    <subfield code="1">0</subfield>
    <subfield code="2">ddc</subfield>
    <subfield code="4">0</subfield>
    <subfield code="7">0</subfield>
    <subfield code="a">SEACOMEC</subfield>
    <subfield code="b">SEACOMEC</subfield>
    <subfield code="d">2008-03-27</subfield>
    <subfield code="l">0</subfield>
    <subfield code="o">003.453 A288</subfield>
    <subfield code="p">10287</subfield>
    <subfield code="r">2024-07-03 11:45:06</subfield>
    <subfield code="t">14</subfield>
    <subfield code="w">2024-07-03</subfield>
    <subfield code="y">BOOK</subfield>
  </datafield>
  <datafield tag="952" ind1=" " ind2=" ">
    <subfield code="0">0</subfield>
    <subfield code="1">0</subfield>
    <subfield code="2">ddc</subfield>
    <subfield code="4">0</subfield>
    <subfield code="7">0</subfield>
    <subfield code="a">SEACOMEC</subfield>
    <subfield code="b">SEACOMEC</subfield>
    <subfield code="d">2008-03-27</subfield>
    <subfield code="l">0</subfield>
    <subfield code="o">003.453 A288</subfield>
    <subfield code="p">10288</subfield>
    <subfield code="r">2024-07-03 11:45:06</subfield>
    <subfield code="t">15</subfield>
    <subfield code="w">2024-07-03</subfield>
    <subfield code="y">BOOK</subfield>
  </datafield>
  <datafield tag="952" ind1=" " ind2=" ">
    <subfield code="0">0</subfield>
    <subfield code="1">0</subfield>
    <subfield code="2">ddc</subfield>
    <subfield code="4">0</subfield>
    <subfield code="7">0</subfield>
    <subfield code="a">SEACOMEC</subfield>
    <subfield code="b">SEACOMEC</subfield>
    <subfield code="d">2008-03-27</subfield>
    <subfield code="l">0</subfield>
    <subfield code="o">003.453 A288</subfield>
    <subfield code="p">10289</subfield>
    <subfield code="r">2024-07-03 11:45:06</subfield>
    <subfield code="t">16</subfield>
    <subfield code="w">2024-07-03</subfield>
    <subfield code="y">BOOK</subfield>
  </datafield>
  <datafield tag="952" ind1=" " ind2=" ">
    <subfield code="0">0</subfield>
    <subfield code="1">0</subfield>
    <subfield code="2">ddc</subfield>
    <subfield code="4">0</subfield>
    <subfield code="7">0</subfield>
    <subfield code="a">SEACOMEC</subfield>
    <subfield code="b">SEACOMEC</subfield>
    <subfield code="d">2008-03-27</subfield>
    <subfield code="l">0</subfield>
    <subfield code="o">003.453 A288</subfield>
    <subfield code="p">10290</subfield>
    <subfield code="r">2024-07-03 11:45:06</subfield>
    <subfield code="t">17</subfield>
    <subfield code="w">2024-07-03</subfield>
    <subfield code="y">BOOK</subfield>
  </datafield>
  <datafield tag="952" ind1=" " ind2=" ">
    <subfield code="0">0</subfield>
    <subfield code="1">0</subfield>
    <subfield code="2">ddc</subfield>
    <subfield code="4">0</subfield>
    <subfield code="7">0</subfield>
    <subfield code="a">SEACOMEC</subfield>
    <subfield code="b">SEACOMEC</subfield>
    <subfield code="d">2008-03-27</subfield>
    <subfield code="l">0</subfield>
    <subfield code="o">003.453 A288</subfield>
    <subfield code="p">10291</subfield>
    <subfield code="r">2024-07-03 11:45:06</subfield>
    <subfield code="t">18</subfield>
    <subfield code="w">2024-07-03</subfield>
    <subfield code="y">BOOK</subfield>
  </datafield>
  <datafield tag="999" ind1=" " ind2=" ">
    <subfield code="c">1392</subfield>
    <subfield code="d">1392</subfield>
  </datafield>
</record>
